000 00498nam a22001697a 4500
005 20251108164705.0
008 250721s1986 xx 000 0 ara d
082 1 4 _a746.43/ناد
100 1 _aمحمد، نادية إبراهيم
245 1 0 _aالكروشيه في عمل الديكور /
264 1 _aالقاهره :
_bمدرسة بيبي جاردن للغات،
_c1986.
300 _a
650 1 7 _aالكروشيه
650 1 7 _aالديكور
942 _2ddc
_cBK
999 _c11931
_d11931